MARC

LEADER 00000nam0a2200000 4500
001 27114
005 20231030202022.0
010 |a 5769503211 
035 |a (RuTPU)RU\TPU\book\27362 
035 |a BOOK00027437 
090 |a 27114 
100 |a 20011209d2000 m y0rusy50 ca 
101 0 |a rus 
102 |a RU 
105 |a y j 000zy 
200 1 |a Новые педагогические и информационные технологии в системе образования  |e учебное пособие  |f под ред. Е. С. Полат 
210 |a Москва  |c Академия  |d 2000 
215 |a 272 с. 
225 1 |a Высшее образование 
320 |a Библиогр.: с. 268-269. 
610 1 |a образование 
610 1 |a педагогика 
610 1 |a среднее образование 
610 1 |a информационные технологии 
610 1 |a педагогические технологии 
610 1 |a личностно-ориентированные технологии 
610 1 |a обучение в сотрудничестве 
610 1 |a компьютерные телекоммуникации 
610 1 |a интернет 
610 1 |a образовательные услуги 
610 1 |a учебные пособия 
686 |a Ч421.2я73  |v LBC/SL-A  |2 rubbk 
702 1 |a Полат  |b Е. С.  |4 340 
801 0 |a RU  |b 63413507  |c 20011209  |g PSBO 
801 2 |a RU  |b 63413507  |c 20120110  |g PSBO 
942 |c BK